MDQL
is popping MORE tags! Check the
thread
!
Quizzes
Events
Quiz Creation
Community
Videos
Private Events
Remove Ads
Sign In
Join for FREE
Feedback
Dark Mode
Quiz Categories
Sports
Geography
Music
Movies
Television
Just For Fun
Miscellaneous
History
Literature
Language
Science
Gaming
Entertainment
Religion
Holiday
For Kids
Quiz Lab
Recent
Popular Today
Quiz Kudos Today
Editor Picks
Curator Picks
Quizzes by...
Day
Popularity
Type
Ratings
Length
Year
Community
Subscriptions
Recent Discussions
Orange Saloon
Badges
Playlists
Quests
Create
Leaderboards
Showdown
Live 5
Trivia Bingo
Activity
Puzzle Library
Sporcle Events
Private Events
Virtual Trivia
Globe League
Become a Host
Pub Owners
SporcleCon
Opinionation
Our Games
Videos
Blog
Mobile Apps
Partnerships
Remove Ads and Go Orange
Feedback
Music
Pop Music
The Beatles
Song
Album
Lyrics
Bands
Singers
Artist
Clip
Rock
Rap
Classical
Billboard
Country Music
Kpop
Taylor Swift
Music
Pop Music
The Beatles
Song
Album
Lyrics
Bands
Singers
Artist
Clip
Rock
Rap
Classical
Billboard
Country Music
Kpop
Taylor Swift
Random Quiz
Search Sporcle
×
Quiz Lab
Quiz Lab
Music
Black Sabbath
Type in answers that appear in a list
Type in answers that appear in a list
Classic
Best Score? Go Orange.
Tribute to Black Sabbath Albums Stats
Can you name the bands on the Navity in Black Tribute to Black Sabbath 2 Albums
By
tylerdrdin
7m
24 Questions
34 Plays
34 Plays
34 Plays
Comments
Comments
Give Quiz Kudos
Give Quiz Kudos
-
- Ratings
hide this ad
More Info
Replay
Link that replays current quiz
Next Quiz
Link to next quiz in quiz playlist
You Got
0%
They Got
Avg Score
37%
Avg Friend Score
Upgrade to see
Score Distribution
Jump to the score distribution portion of the page
Score
0/24
Timer
07:00
0
Plays Today
Hint
Answer
% Correct
paranoid
megadeth
87.9%
never say die
megadeth
87.9%
hand of doom
slayer
66.7%
sabbath bloody sabbath with godspeed
bruce dickinson
63.6%
iron man with therapy
ozzy osbourne
57.6%
symptom of the universe
sepultura
48.5%
black sabbath
type o negative
48.5%
after forever
biohazard
42.4%
children of the grave
white zombie
42.4%
electric funeral
pantera
42.4%
war pigs (live)
faith no more
39.4%
snowblind
system of a down
33.3%
Hint
Answer
% Correct
n.i.b. with ozzy
primus
33.3%
supernaut
1,000 homo djs
30.3%
hole in the sky
machine head
27.3%
lord of this world
corrosion of conformity
21.2%
n.i.b.
ugly kid joe
21.2%
sweet leaf
godsmack
21.2%
iron man (this means war)
busta rhymes
21.2%
into the void
monster magnet
18.2%
the wizard
bullring brummies
15.2%
under the sun
soulfly
15.2%
behind the wall of sleep
static x
12.1%
sabbra cadabra
hed
3%
Quiz Playlist
Details
Report
Send in Message
Add To Playlist
More Info:
the first 12 songs are from the 1994 album the next 12 songs are from 2000 album
Classic:
Type in answers that appear in a list
Last Updated: Feb 16, 2017
Quiz Scoreboard
CHALLENGE
Sign Up to Join the Scoreboard
Show All
Scores
Hide
Comments
May contain spoilers
Recently Published
1-10 Letter E Words III
by El_Dandy
Language
2m
Street Fighter Characters
by Artimus82
Gaming
60s
College Basketball Coaching Resumes
by pancakes188
Sports
9m
More to Explore
Quiz From the Vault
Featured Blog Post
Where Did the Easter Bunny Come From?
hide this ad
You Might Also Like...
Tags
Black Sabbath
Ozzy Osbourne
Today's Top Quizzes in Music
Browse Music
hide this ad
Today's Top Quizzes in Black Sabbath
Browse Black Sabbath
Top Contributed Quizzes in Music
1
Taylor Swift All Songs (2024)
2
Taylor Swift Logic Puzzle
3
Guess the Artist- 70s Songs
4
7-to-1: Billboard Hot 100 #1 Hits of 2010s
5
Sorting Albums and Songs
6
KPOP LOGIC QUIZ
7
Billboard Blitz: Aretha Franklin
8
Guess the Taylor Swift song (Mystery Song)
9
Guess The Taylor Swift Lyrics Song #1
10
Billboard Blitz: ABBA
Explore More
Trending Topics
NBA
Marvel
Disney
Anime
Kpop
Harry Potter
Crossword
NFL
Country
WWE
Pokémon
Soccer
The Office
Song
Puzzle
hide this ad
More By:
tylerdrdin
Quiz
Plays
Rating
Category
Featured
Created
Roberto and Sandy Alomar Jr's Teams
210
2.67
Sports
Aug 7, 2014
Don Mattingly quiz
189
3.25
Sports
Jun 20, 2014
Van Halen Greatest Hits Best of Both Worlds
122
2.80
Music
Jul 6, 2014
Fred Mcgriff's Teams
121
3.00
Sports
Jul 22, 2014
Phil and Joe Niekro's Teams
119
3.33
Sports
Aug 19, 2014
Go to Creator's Profile
Score Distribution
Quiz Creator Spotlight
tylerdrdin
Follow
Send a Message
Quizzes Created
-
Created Quiz Play Count
-
More By This Creator
Popular Quizzes Today
1
Find the US States - No Outlines Minefield
2
Find the Countries of Europe - No Outlines Minefield
3
Find the US States
4
The Countries of the World
5
Risky Map Clicking: Biggest States A-Z
6
US States
7
Popular People in 1961
8
Movies - When Are They Set?
More Music Quizzes
K-pop Girl Groups by Fandom Name (2)
Quiz Lab
Trending Quizzes
Risky Map Clicking: Least Populous States A-Z
1-10 Letter G Words
Countries of the World: 200 Million BC
1-10 Letter F Words
Risky Map Clicking: Next State Alphabetically
Recently Updated
Rides in Walt Disney World
pecheneg
Most Oscar Losses (Acting)
pecheneg
Beyoncé Albums
pecheneg
Leaping Animals
pecheneg
Reality TV Shows (A-Z)
bhenderson79
Rickey Henderson's Hall of Fame Teammates
pecheneg
Champions League XIs: Arsenal
pecheneg
Quick Pick: Celebrities in WWE's Hall of Fame
aduchscher
A-Z Keypad Blitz II
pecheneg
Trending Topics
Kpop
Marvel
Anime
Crossword
Harry Potter
NBA
Disney
NFL
Soccer
WWE
Pokémon
Puzzle
The Office
Country
Song
Your Account Isn't Verified!
In order to create a playlist on Sporcle, you need to verify the email address you used during registration. Go to your
Sporcle Settings
to finish the process.
Report this User
Report this user for behavior that violates our
Community Guidelines
.
Details:
Send Report
Go to the Sporcle.com Mobile Site →
Comments